| 000 | 00523nam a2200157 i 4500 | ||
|---|---|---|---|
| 001 | 99166 | ||
| 003 | ES-MaACL | ||
| 005 | 20230906182443.0 | ||
| 007 | t| | ||
| 008 | 050902s1970 sp ||||1| spa d | ||
| 100 | 1 |
_aMartín-Ballestero y Costea, Luis. _977404 |
|
| 245 | 1 | 0 |
_aHojas... _b: una selección de artículos publicados en la "Hoja del lunes" de Zaragoza / _cLuis Martín-Ballestero y Costea. |
| 260 |
_aZaragoza : _bOctavio y Felez, _c1970. |
||
| 300 |
_a274 p. ; _c22 cm. |
||
| 852 |
_aES-MaACL _jC-38450 _bR.74813 |
||
| 999 |
_c99166 _d99166 |
||